00483nam a22001697a 450000500170000001000140001702000260003103500130005703700130007008200130008310000210009624500720011726000520018927000230024130000220026465000270028620100812154432.0 aENG-99967 a9789350011041c115.00 aEN-83499 bDBAD/PUB a621.3916 aRamachandran, R. aMicro controller interfacing and applications /cby R. Ramachandran aPerambalurbMercury Printers & Publishersc2009 bPerambalure621212 a120p.c19cm (pbk) aDigital Control System